| 000 | 00456nam a2200145 i 4500 | ||
|---|---|---|---|
| 001 | 94997 | ||
| 003 | ES-MaACL | ||
| 007 | t| | ||
| 008 | 050519s1961 sp ||||1| spa d | ||
| 100 | 1 |
_aLuisada, Aldo Augusto. _974702 |
|
| 245 | 1 | 0 |
_aCardioangiologĂa _b: enciclopedia del sistema cardiovascular / _cdirigida por Aldo Augusto Luisada. |
| 260 |
_aBarcelona : _bSalvat, _c1961. |
||
| 300 |
_a4 v. : _bil. ; _c26 cm. |
||
| 852 |
_aES-MaACL _jE-748-51 _bR.49019 |
||
| 999 |
_c94997 _d94997 |
||